Review of artistic education

Bibliographic Details
Format: Electronic Journal
Language:English
Published: Iași, Romania : ARTES
Subjects:
Online Access:Full text available from Research Library: 01/01/2011 to present

MARC

LEADER 00000nas a2200000 a 4500
001 ssj0000913017
003 WaSeSS
005 20200512172242.0
006 m d
007 cr n
008 130705c20119999rm f| p|s|||||| |0eng d
035 |a (WaSeSS)ssj0000913017 
040 |a WaSeSS  |c WaSeSS  |d WaSeSS 
050 4 |a NX280 
245 0 0 |a Review of artistic education  |h [electronic resource]. 
260 |a Iași, Romania :  |b ARTES 
310 |a Semiannual 
362 1 |a Began with Issue No. 1-2 (2011). 
506 |a License restrictions may limit access. 
588 |a Description based on: Issue No. 1-2 (2011); title from article pdf (CEEOL, viewed July 4, 2013). 
588 |a Latest issue consulted: Issue No. 5-6 (2013) (viewed July 4, 2013). 
650 0 |a Arts  |x Study and teaching  |v Periodicals. 
655 0 |a Electronic journals. 
776 0 8 |i Print version:  |t Review of artistic education  |x 2069-7554 
856 4 0 |z Full text available from Research Library: 01/01/2011 to present  |u https://search.proquest.com/publication/2032483